Teen Titans Members Quiz Stats

Quiz not verified by Sporcle

Challenge
Share
Tweet
Score 0/71 Timer 12:00
0 Plays Today
% Correct
Beast Boy
99%
Kid Flash
95.8%
Raven
85.3%
Robin
85.3%
Superboy
79.6%
Cyborg
73.3%
Bumblebee
68.6%
Blue Beetle
67.5%
Robin
67%
Starfire
67%
Supergirl
67%
Robin V (Damian Wayne)
66%
Aqualad
63.9%
Ravager
62.8%
Kid Flash
62.8%
Arsenal
62.3%
Wonder Girl I (Donna Troy)
61.8%
Miss Martian
60.7%
Green Lantern
59.2%
Static
55.5%
Dark Flash
53.4%
Terra I (Tara Markov)
52.9%
Mas y Menos
51.8%
Dove (Donald Hall)
51.3%
Wonder Girl (Cassie Sandsmark)
51.3%
Hawk (Henry Hall)
49.2%
Dove II (Dawn Granger)
48.7%
Jericho
48.2%
Captain Marvel Jr.
48.2%
Hawk III (Holly Granger)
46.1%
Red Star
46.1%
Kid Devil
45.5%
Speedy II (Mia Dearden)
45%
Aqualad (Jackson Hyde)
44%
Aquagirl (Tula)
42.9%
Zatara
41.9%
% Correct
Pantha
41.9%
Aquagirl II (Lorena Marquez)
40.8%
Herald
40.8%
Atom II (Raymond Palmer)
36.1%
Little Barda
33.5%
Bombshell
32.5%
Flamebird
31.9%
Golden Eagle
31.9%
Baby Wildebeest
31.4%
Bunker
31.4%
Argent
30.9%
Kole
29.8%
Omen
28.3%
Young Frankenstein
28.3%
Osiris
26.7%
Talon
24.6%
Jesse Quick
24.6%
Danny Chase
23.6%
Skitter
23%
Mirage
21.5%
Risk
20.4%
Power Boy
19.4%
Gnarkk
18.8%
Offspring
18.8%
Redwing
18.8%
Prysm
18.8%
Damage
17.8%
Kid Eternity
17.3%
Hero
15.7%
Joto
15.2%
Minion
14.1%
Killowat
13.6%
Fringe
13.1%
Nightrider
10.5%
Molecule
8.4%

You're not logged in!

Compare scores with friends on all Sporcle quizzes.
Join for Free
OR
Log In

You Might Also Like...

Show Comments

Extras

Top Quizzes Today


Score Distribution

Your Account Isn't Verified!

In order to create a playlist on Sporcle, you need to verify the email address you used during registration. Go to your Sporcle Settings to finish the process.

Report this User

Report this user for behavior that violates our Community Guidelines.

Details: